Welcome to CU Library Online Public Access Catalogue (OPAC)

Law of Torts (Record no. 369)

MARC details
000 -LEADER
fixed length control field 00511nam a22001937a 4500
003 - CONTROL NUMBER IDENTIFIER
control field OSt
005 - DATE AND TIME OF LATEST TRANSACTION
control field 20250123091009.0
008 - FIXED-LENGTH DATA ELEMENTS--GENERAL INFORMATION
fixed length control field 241030b |||||||| |||| 00| 0 eng d
020 ## - INTERNATIONAL STANDARD BOOK NUMBER
International Standard Book Number 0712112251
040 ## -
-- Central University Library
100 ## - MAIN ENTRY--PERSONAL NAME
Personal name Tyas, J.G.M
245 ## - TITLE STATEMENT
Title Law of Torts
250 ## - EDITION STATEMENT
Edition statement Second Edition
260 ## - PUBLICATION, DISTRIBUTION, ETC.
Place of publication, distribution, etc. London
Name of publisher, distributor, etc. MacDonald & Evans Ltd.
Date of publication, distribution, etc. 1973
300 ## - PHYSICAL DESCRIPTION
Extent xxv, 245 pages.
Dimensions 18cm
500 ## - GENERAL NOTE
General note M&E Handbooks. Handbooks and essential
650 ## - SUBJECT ADDED ENTRY--TOPICAL TERM
Source of heading or term Tort of Torts
942 ## - ADDED ENTRY ELEMENTS (KOHA)
Source of classification or shelving scheme Library of Congress Classification
Koha item type Books
Suppress in OPAC No
999 ## -
-- 369
-- 369
Holdings
Withdrawn status Lost status Source of classification or shelving scheme Damaged status Not for loan Collection Home library Current library Shelving location Date acquired Total checkouts Full call number Barcode Date last seen Copy number Price effective from Koha item type
    Library of Congress Classification     Non-fiction Law Library Annex (Miotso) Law Library Annex (Miotso) General stacks 10/30/2024   KD1949 TYA LLM00000043 10/30/2024 1 10/30/2024 Books
© 2023-2024 Copyright: Central University Libraries. All Rights Reserved | Created by: Mahone Tech Office